000 00247nam a2200097Ia 4500
008 170620s9999 xx 000 0 und d
100 _aPandey-P.K/Shaw
245 0 _aEncyclopaedia of Sports Medicine & Injuries
260 _bNew delhi.Khel.S.k
260 _c2000
300 _a271
999 _c27648
_d27648